Responses for Show #4610 - Friday, September 24, 2004

2004 Tournament of Champions quarterfinal game 5.

Contestants

[<< previous game]

Jim Stalley, a crime data specialist from Denver, Colorado

Anne Boyd, a freelance writer and student from Los Angeles, California

Sean Ryan, a cab driver from State College, Pennsylvania

[next game >>]

Jeopardy! Round responses

U.S. LAKES
PRO FOOTBALL
CHAIN OF COMMAND
IF THEY MARRIED...
PATRIOTS
FOREIGN WORDS & PHRASES
    $200 16
the Great Salt Lake

Sean
    $200 11
the Dallas Cowboys

Sean
    $200 26
(Anne: What is Harvard College?)

William and Mary

Anne
Triple Stumper
    $200 21
Holly Wood

Anne
    $200 4
Benjamin Franklin

Sean
    $200 1
kismet

Sean
    $400 17
Lake Okeechobee

Sean
    $400 12
Mean Joe Greene

Sean
    $400 27
the Oddfellows

Anne
    $400 22
Hart-Byrne

Anne
    $400 7
(Anne: What is Connecticut?)

Delaware

SeanAnne
    $400 2
eat well, live well

Jim
    $600 18
South Carolina

Sean
    $600 13
Vince Lombardi

Triple Stumper
    $600 28
Vasco da Gama

Triple Stumper
    $600 23
Wilde-Oates

Jim
    $400 8
John Hancock

Sean
    $600 3
non-sequitur

Anne
    $800 19
Alaska

Triple Stumper
    $800 14
(Alex: They moved to Arizona later on.)

the Cardinals

Triple Stumper
    $800 29
(Sean: Who is Falstaff?)

Malvolio

Sean
Triple Stumper
    $800 24
Blu Law

Anne
    $800 9
James Madison (or John Jay)

Sean
    $800 5
idée fixe

Anne
    $1000 20
(Jim: What is Kilauea?)

Mauna Kea

Jim
Triple Stumper
    $1000 15
the XFL

Sean
    $1000 30
the Lord Mayor

Triple Stumper
    $1000 25
Vikki Carr-Pinter

Triple Stumper
    $1000 10
Roger Sherman

Triple Stumper
    $1000 6
eisteddfod

Triple Stumper

Scores at the first commercial break (after clue 15):

Sean Anne Jim
$3,600 $1,000 $400

Scores at the end of the Jeopardy! Round:

Sean Anne Jim
$4,000 $2,600 $0

Double Jeopardy! Round responses

AMERICANA
PUNK
VICTORY IS OURS
THIS IS GONNA BE TOUGH
BIBLE BOOKS BY FAMOUS PHRASE
WISH I'D SAID THAT
    $400 1
Scrabble

Anne
    $400 6
The Clash

Sean
    $400 21
Cinco de Mayo

Sean
    $400 26
the marathon

Anne
    $400 11
Genesis

Sean
    $400 14
(Salvador) Dalí

Sean
    $2,000 2
(Anne: What is Pennsylvania?)

Ohio

Anne
    $800 7
Chrissie Hynde

Anne
    $800 22
the Visigoths

Sean
    $800 27
(Sean: Who is Webster?)
(Alex: Which one?)
(Sean: Who is Daniel Webster?)

Noah Webster

SeanJim
    $800 12
Acts of the Apostles

Triple Stumper
    $800 17
roles

Anne
    $1200 3
the Vanderbilts

Anne
    $1200 8
Henry Rollins

Sean
    $1200 23
Alfred the Great

Sean
    $1200 28
W and X

Triple Stumper
    $1200 13
Psalms

Anne
    $1200 18
happy

Sean
    $1600 4
Millie (the Bush family dog)

Triple Stumper
    $1600 9
The Sex Pistols

Anne
    $1600 24
1588

Triple Stumper
    $1600 29
HAL

Jim
    $400 15
(Sean: What is Proverbs?)

Luke

Sean
    $1600 19
(Sean: Who are fools and little children?)

lawyers

Sean
Triple Stumper
    $2000 5
Revell

Triple Stumper
    $2000 10
Iggy Pop

Sean
    $2000 25
(Sean: Who is No Dien Giap?)

Vo Nguyen Giap

Sean
Triple Stumper
    $2000 30
Sunday

Triple Stumper
    $2000 16
Matthew

Triple Stumper
    $2000 20
(Sean: What is The Portrait of Dorian Gray?)
...
(Alex: Yes, it's a common mistake.)

The Picture of Dorian Gray

SeanAnne

Scores at the end of the Double Jeopardy! Round:

Sean Anne Jim
$5,200 $9,000 $2,400

Final Jeopardy! Round responses

CHILDREN'S AUTHORS
JimWho was Herriot?
$0
SeanWho is A. A. Milne?
$2,600
AnneWho is E. B. White?
$1,401
Hugh Lofting (author of the Doctor Dolittle books)

Final scores:

Sean Anne Jim
$2,600 $7,599 $2,400
2nd place: $5,000 Automatic semifinalist 3rd place: $5,000

Game dynamics:

Coryat scores:

Sean Anne Jim
$5,800 $11,000 $2,400
20 R
(including 1 DD),
6 W
(including 1 DD)
14 R,
3 W
(including 1 DD)
4 R,
1 W

Combined Coryat: $19,200

[game clues] [game scores] [suggest correction]

Game tape date: 2004-04-29
The J! Archive is created by fans, for fans. Scraping, republication, monetization, and malicious use prohibited; this site may use cookies and collect identifying information. See terms. The Jeopardy! game show and all elements thereof, including but not limited to copyright and trademark thereto, are the property of Jeopardy Productions, Inc. and are protected under law. This website is not affiliated with, sponsored by, or operated by Jeopardy Productions, Inc. Join the discussion at JBoard.tv.